| 000 | 01836cam a2200457Ma 4500 | ||
|---|---|---|---|
| 999 |
_c5748 _d5748 |
||
| 001 | on1057943688 | ||
| 003 | OCoLC | ||
| 005 | 20200814173727.0 | ||
| 008 | 880810s1989 enk b 001 0 eng d | ||
| 010 | _a 8802005680 | ||
| 015 |
_aGB8851256 _2bnb |
||
| 016 | 7 |
_a000005986118 _2AU |
|
| 020 | _a0521333180 | ||
| 020 | _a9780521333184 | ||
| 035 | _a(OCoLC)1057943688 | ||
| 040 |
_aAU@ _beng _cAU@ _dOCLCO _dOCLCF _dOCLCQ |
||
| 049 | _aTZAA | ||
| 050 | 0 | 0 |
_aJX4165 _b.R64 1989 |
| 100 | 1 | _aRosenne, Shabtai. | |
| 245 | 1 | 0 |
_aDevelopments in the law of treaties, 1945-1986 / _cShabtai Rosenne. |
| 260 |
_aCambridge [Cambridgeshire] ; _aNew York : _bCambridge University Press, _c1989. |
||
| 300 |
_axxxv, 535 pages ; _c23 cm. |
||
| 490 | 1 | _aCambridge studies in international and comparative law. New series | |
| 500 | _aIncludes index. | ||
| 504 | _aIncludes bibliographical references and index. | ||
| 505 | 0 | _aUnaddressed issues in the codified law of treaties -- The role of the written arrangement in international relations and international law -- Good faith in the codified law of treaties -- Is the constituent instrument of an international organization an international treaty? -- The settlement of treaty disputes under the Vienna conventions -- The United Nations and the law of treaties. | |
| 650 | 0 |
_aTreaties _xHistory. |
|
| 650 | 0 |
_aTreaty-making power _xHistory. |
|
| 650 | 7 |
_aTreaties. _2fast |
|
| 650 | 7 |
_aTreaty-making power. _2fast _9842 |
|
| 653 | _aInternational law | ||
| 653 | _aExercise of power | ||
| 653 | _aTreaties and conventions | ||
| 653 | _aUN conventions | ||
| 653 | _aTreaty ratification | ||
| 653 | _aHistory | ||
| 653 | _aOverseas item | ||
| 655 | 7 |
_aHistory. _2fast |
|
| 830 | 0 |
_aCambridge studies in international and comparative law. _pNew series. |
|
| 942 |
_2lcc _cBOOK |
||